Automatické odoslanie emailu pri zaznamenaní zmeny na senzore bakalárska práca

Saved in:
Bibliographic Details
Main Author: Križan, Ondrej
Corporate Author: Fakulta hospodárskej informatiky EU. Katedra aplikovanej informatiky
Other Authors: Procházka, Peter, 1968-
Format: Book
Language:Slovak
Published: Bratislava 2023
Tags: Add Tag
No Tags, Be the first to tag this record!

MARC

LEADER 00000nbm a2200000 4500
001 0295116
005 20240222104004.4
041 0 |a slo 
044 |a SK 
245 1 0 |a Automatické odoslanie emailu pri zaznamenaní zmeny na senzore  |b bakalárska práca  |c Ondrej Križan ; školiteľ: Peter Procházka 
264 1 |a Bratislava  |c 2023 
300 |a 51 s. 
100 1 |a Križan, Ondrej 
700 1 |a Procházka, Peter, 1968- 
710 2 |a Fakulta hospodárskej informatiky EU. Katedra aplikovanej informatiky